000 00230nam a22000977a 4500
999 _c261671
_d261670
020 _a1932065334
100 _aLorna
245 _aSometimes Its Turkey.Sometimes Its Feathers
260 _aUSA
_bStar Bright Books
_c2003
942 _cBK